000 00992nam a22003377a 4500
001 0012995
003 KOHA_MİRAKIL
005 20260207001906.0
007 ta
008 100210b1977 tu |||gr||||#0|||1|tur |
040 _aTR-BiSEU
_btur
_cTR-BiSEU
_erda
041 0 _atur
044 _ctu
050 _aPL245.A38
_bK87 1977
100 1 _aAktunç, Hulki.
245 0 _aKurtarılmış Haziran/
_cHulki Aktunç.
264 1 _aİstanbul :
_bDerinlik Yayınları
_c1977
300 _a106 sayfa; 20 cm.
336 _ametin
_btxt
_2rdacontent
337 _aaracısız
_bn
_2rdamedia
338 _acilt
_bnc
_2rdacarrier
490 1 _aDerinlik yayınları Türk yazarları ;
_v3.
490 1 _a Öykü dizisi ;
_v3
500 _aKaynakça var.
650 0 _aTürk hikayeleri.
_99703
650 0 _aShort stories, Turkish.
_99978
830 1 _aDerinlik yayınları Türk yazarları ;
_v3.
_930882
830 1 _a Öykü dizisi ;
_v3
_930883
907 _aHikaye
942 _2lcc
_cBK
999 _c12962
_d12962